000
00301nam a2200109Ia 4500
008
230822s9999 xx 000 0 und d
041
_a
eng
100
_a
BERKE PHILIP R. & GODSCHALK DAVID R.
245
_a
URBAN LAND USE PLANNING
260
_b
BOARD OF INTERNATIOANL RESEARCH IN DESIGN
300
_a
170
999
_c
860146
_d
860146